000 01407cab a22002295a 4500
001 L136944
008 070306e2007 xxk 000 0 eng d
035 _a(Sirsi) u136944
041 0 _aeng
100 1 _aOliver, Marie-Christine
245 0 4 _aThe new kid can win this battle
260 _c2007
490 0 _aBuilding
_v272(8469) 2 March 2007, 64-65(2)
520 _aCompares the JCT'S new partnering agreement, Constructing Excellence, with two older partnering contracts, NEC X12 and PPC2000. Suggests that Constructing Excellence more user friendly, has a more collaborative approach to risk management, and is less process-driven than NEC and requires less bespoke drafting of supporting documents than PPC2000. However, in Constructing Excellence the projects teams' role is only advisory and the contract does not specify how its decisions are to be taken. Also compares each contract against the following criteria: the form, the collaborative statement, duty of care, project management, risk management, extensions of time and claims for money, performance monitoring, and pain and gain sharing.
590 _aKA
650 2 4 _aJCT CONSTRUCTING EXCELLENCE CONTRACT (2006 EDITION)
650 2 4 _aNEC PARTNERING OPTION X12 1ST ED
650 2 4 _aPPC2000
651 4 _aUnited Kingdom
_y
690 _aBUILT ENVIRONMENT-BUILDING CONTRACT FORMS-STANDARD FORMS OF BUILDING CONTRACT
942 _n0
999 _c78501
_d78501